00471 2200193 4500001002100000005001700021008004100038020002200079035002400101082000800125090001500133100001000148245002100158250001000179260003800189300002300227504001600250650001100266YOGYA-0411000000051120110406104505.0 ind  a978-602-8479-07-3 0010-041100000000511 a400 a400aRat S aRATNA aStilitika/ Ratna aCet.1 aYogyakartabPustaka Pelajarc2009 aix, 480 hlmc21 cm ahlm 393-406 aBahasa